|
|
|
|
| LEADER |
00936nam a2200217 a 4500 |
| 001 |
560807 |
| 008 |
091112s1983 bg a b f000 0 eng d |
| 010 |
|
|
|a 88903208
|
| 040 |
|
|
|a DLC
|c DLC
|d DLC
|
| 082 |
0 |
0 |
|a 630/.720549/2
|2 19
|
| 245 |
0 |
0 |
|a Agricultural research in Bangladesh :
|b contributing to national development.
|
| 260 |
|
|
|a Dhaka :
|b Bangladesh Agricultural Research Council,
|c l983.
|
| 300 |
|
|
|a vii, 186 p. :
|b col. ill. ;
|c 25 cm.
|
| 504 |
|
|
|a Includes bibliographies.
|
| 541 |
1 |
|
|e 00006195
|
| 650 |
|
0 |
|a Agriculture
|x Research
|z Bangladesh.
|
| 650 |
|
0 |
|a Agriculture and state
|z Bangladesh.
|
| 710 |
2 |
|
|a Bāṃlādeśa Kr̥shi Gabeshaṇā Kāunsila.
|
| 852 |
4 |
|
|a Ayesha Abed Library
|j General Shelf
|
| 999 |
|
|
|c 6153
|d 6153
|
| 952 |
|
|
|0 0
|1 0
|2 ddc
|4 0
|6 630_720549200000000_AGR_1983
|7 0
|9 6156
|a BRACUL
|b BRACUL
|c GEN
|d 2009-12-15
|g 0.00
|l 0
|o 630.7205492 AGR
|p 3010006195
|r 2009-12-15
|t 1
|w 2009-12-15
|y BK
|x No price found in the accession register.
|